Les 50 plus grandes îles du monde - Statistiques

Statistiques générales
  • Ce quiz a été pris 2 406 fois
    1 140 depuis la dernière actualisation
  • Le résultat moyen est 15 sur 50
Statistiques - réponses
Superficie (km²) Pays Nom de l'île % Correct
7 617 930 --- Australie
93%
2 130 800 Danemark Groenland
92%
578 041 --- Madagascar
71%
84 406 Irlande, Royaume-Uni Irlande
64%
25 460 Italie Sicile
61%
126 700 Indonésie Java
60%
23 813 Italie Sardaigne
59%
743 330 Brunei, Indonésie, Malaisie Bornéo
57%
105 007 --- Cuba
53%
216 777 Royaume-Uni Grande-Bretagne
52%
35 883 --- Taïwan
51%
102 828 --- Islande
50%
65 268 --- Sri Lanka
49%
425 000 Indonésie Sumatra
48%
78 073 Japon Hokkaidō
44%
227 414 Japon Honshū
44%
60 637 Australie Tasmanie
44%
786 000 Indonésie, Papouasie-Nouvelle-Guinée Nouvelle-Guinée
42%
114 050 Nouvelle-Zélande Île du Nord
39%
150 737 Nouvelle-Zélande Île du Sud
37%
76 480 Haïti, République dominicaine Hispaniola
36%
108 860 Canada Terre-Neuve
31%
104 688 Philippines Luçon
28%
36 555 Japon Kyūshū
27%
30 777 Indonésie, Timor oriental Timor
27%
47 992 Argentine, Chili Grande Île de Terre de Feu
26%
507 451 Canada Baffin
25%
174 600 Indonésie Célèbes
25%
76 400 Russie Sakhaline
23%
18 780 Japon Shikoku
22%
217 291 Canada Victoria
20%
33 572 Chine Hainan
18%
94 630 Philippines Mindanao
16%
196 236 Canada Ellesmere
14%
31 285 Canada Vancouver
14%
70 028 Canada Banks
10%
39 044 Norvège (Svalbard) Spitzberg
9%
35 145 Papouasie-Nouvelle-Guinée Nouvelle-Bretagne
7%
55 247 Canada Devon
6%
41 214 Canada Southampton
5%
43 200 Antarctique Alexandre-Ier
4%
33 339 Canada Prince-de-Galles
4%
48 904 Russie (Nouvelle Zemble) Severny
4%
43 178 Canada Axel Heiberg
3%
33 275 Russie (Nouvelle-Zemble) Ioujny
3%
40 100 Brésil Marajó
3%
42 149 Canada Melville
3%
24 786 Canada Somerset
3%
20 000 Brésil Bananal
2%
23 165 Russie Kotelny
1%
Aucun quiz correspondant
Distribution des résultats
% des personnes avec chaque résultat
Percentile par nombre de réponses
Votre historique - résultats
Vous n’avez pas pris ce quiz depuis la dernière actualisation